| 000 | 00477nam a2200181Ia 4500 | ||
|---|---|---|---|
| 001 | 9710 | ||
| 005 | 20260306161738.0 | ||
| 008 | 260306t2004||||xx |||||||||||||| ||spa|| | ||
| 041 | _aESP | ||
| 082 |
_a401.4 _bB45 2004 |
||
| 100 |
_aBerlo, David K. _eAUT |
||
| 245 | 0 |
_aEl proceso de la comunicación: _bintroducción a la teoría y a la práctica |
|
| 260 | _c2004 | ||
| 300 |
_axvii, 265 páginas : _c23 cm. |
||
| 650 | _aGEN | ||
| 654 | _aCHU | ||
| 942 |
_cLIB _dJUS _fJUS _2ddc _n |
||
| 999 |
_c9710 _d9710 |
||